Poet Names Match-Up Quiz Stats

 Plays Quiz Updated Oct 2, 2015

Challenge
Share
Tweet
Score 0/25 Timer 05:00
2 Plays Today
% Correct
William
98.4%
T.S.
96.3%
Walt
94.8%
Emily
94.6%
Lewis
94.5%
Maya
92.3%
Robert
91.5%
Sylvia
90.6%
E.E.
90%
Thomas
84.9%
Dante
82.9%
Shel
79.6%
Langston
78.1%
% Correct
Allen
75.8%
Pablo
74.7%
Alice
71.2%
Murasaki
63.3%
Li
63%
Edmund
62.9%
Anne
57.5%
Du
56.9%
Chinua
55.9%
Phillis
54.4%
Saadi
44.1%
Nizami
41.1%

You're not logged in!

Compare scores with friends on all Sporcle quizzes.
OR
Log In

You Might Also Like...

Show Comments

Extras

Top Quizzes Today


Score Distribution

Your Account Isn't Verified!

In order to create a playlist on Sporcle, you need to verify the email address you used during registration. Go to your Sporcle Settings to finish the process.

Report this User

Report this user for behavior that violates our Community Guidelines.

Details: